[Event "Challenge"]
[Site "http://www.queenalice.com/game.php?id=134982"]
[Date "2006.11.30"]
[Round "-"]
[White "Nemer"]
[Black "Ostrock"]
[Result "1-0"]
[WhiteElo "1576"]
[BlackElo "911"]

1. e4 e5 2. f4 Nc6 3. fxe5 Nxe5 4. Nc3 Qh4+ 5. g3 Qh6 6. d4 Nc6 7. Bxh6 gxh6 8.
Qh5 Nf6 9. Qf5 Bg7 10. O-O-O O-O 11. e5 d6 12. Qf4 dxe5 13. dxe5 Nd5 14. Nxd5
Nxe5 15. Nf6+ Kh8 16. Qxe5 h5 17. Bd3 Bh6+ 18. Kb1 Bg4 19. Nxg4+ Kg8 20. Nxh6#
1-0

[Event "Challenge"]
[Site "http://www.queenalice.com/game.php?id=136145"]
[Date "2006.12.2"]
[Round "-"]
[White "Ostrock"]
[Black "leaqui"]
[Result "1-0"]
[WhiteElo "963"]
[BlackElo "935"]

1. e4 c6 2. Bc4 e6 3. Nf3 g6 4. O-O d5 5. Bb3 Nf6 6. Ng5 h6 7. Nf3 Nxe4 8. Qe1
Nd7 9. Qe3 Bc5 10. Qf4 Qb6 11. Qh4 g5 12. Qh5 1-0

[Event "Challenge"]
[Site "http://www.queenalice.com/game.php?id=139318"]
[Date "2006.12.10"]
[Round "-"]
[White "Jorge"]
[Black "Ostrock"]
[Result "1-0"]
[WhiteElo "1379"]
[BlackElo "935"]

1. e4 e5 2. Bc4 Nf6 3. f3 Nc6 4. c3 Bc5 5. b4 Nxb4 6. cxb4 Bxb4 7. Qb3 Qe7 8. a3
Bc5 9. Nc3 Nh5 10. Nge2 Qh4+ 11. Ng3 Nxg3 12. hxg3 Qxh1+ 13. Bf1 O-O 14. Bb2 Re8
15. Nd5 Re6 16. Nxc7 Rh6 17. Nxa8 Rh2 18. Rc1 Bb6 19. Rxc8+ Bd8 20. Rxd8# 1-0

[Event "Challenge II"]
[Site "http://www.queenalice.com/game.php?id=139319"]
[Date "2006.12.10"]
[Round "-"]
[White "Ostrock"]
[Black "Jorge"]
[Result "0-1"]
[WhiteElo "937"]
[BlackElo "1377"]

1. e4 e5 2. Nf3 f6 3. Nc3 c6 4. Bc4 Ne7 5. O-O d5 6. Nh4 dxc4 7. Qh5+ g6 8. Nxg6
Rg8 9. Qxh7 Be6 10. Re1 Nxg6 11. Re3 Nf4 12. Na4 Rxg2+ 13. Kh1 Rxf2 14. d4 Rf1#
0-1

[Event "Challenge"]
[Site "http://www.queenalice.com/game.php?id=139930"]
[Date "2006.12.11"]
[Round "-"]
[White "panis_et_circenses"]
[Black "Ostrock"]
[Result "1-0"]
[WhiteElo "1500"]
[BlackElo "978"]

1. e4 e5 2. Qf3 Nf6 3. Bc4 Bc5 4. Bb3 O-O 5. d3 b6 6. Qg3 Bb7 7. Bh6 Nh5 8. Qg4
Qf6 9. Nf3 Qxh6 10. Nxe5 Bb4+ 11. c3 Bc5 12. Nd2 d6 13. Nef3 Nc6 14. O-O Rae8
15. d4 Bb4 16. cxb4 Nxb4 17. Qd7 Ba6 18. Rfc1 Qxd2 19. Nxd2 Be2 20. Qxc7 1-0

[Event "Challenge"]
[Site "http://www.queenalice.com/game.php?id=141581"]
[Date "2006.12.14"]
[Round "-"]
[White "fizzo"]
[Black "Ostrock"]
[Result "0-1"]
[WhiteElo "1290"]
[BlackElo "933"]

1. e4 e5 2. Bc4 Nc6 3. Qf3 Nf6 4. d3 Nd4 5. Qd1 Bc5 6. Bg5 O-O 7. c3 Nc6 8. Bxf6
Qxf6 9. Nf3 Qg6 10. Nbd2 Qxg2 11. Ke2 Qxf2# 0-1

[Event "Challenge1"]
[Site "http://www.queenalice.com/game.php?id=142674"]
[Date "2006.12.17"]
[Round "-"]
[White "Facu"]
[Black "Ostrock"]
[Result "1-0"]
[WhiteElo "1343"]
[BlackElo "1027"]

1. e4 e5 2. Nf3 Nc6 3. d4 Nf6 4. dxe5 Nxe4 5. Qd3 Nc5 6. Qc4 b6 7. b4 Na5 8.
bxa5 bxa5 9. Qd4 Ne6 10. Qg4 Nc5 11. Bg5 Be7 12. Bc4 O-O 13. O-O Rb8 14. Nbd2
Rb2 15. Bb3 h6 16. Be3 d6 17. Qb4 axb4 18. Bd4 Ba6 19. Bxb2 Qa8 20. Rfe1 dxe5
21. Bxe5 Qb7 22. a3 Nd7 23. Bxg7 Kxg7 24. Rxe7 Qb5 25. Bc4 Qc6 26. Bxa6 Qxa6 27.
Rxd7 Qf6 28. Re1 Qb2 29. Rxc7 bxa3 30. Nc4 Qa2 31. Nd4 Rb8 32. Kf1 Rd8 33. Ree7
Rf8 34. Nf5+ Kg8 35. Nxh6+ Kg7 36. Nxf7 Kf6 37. Nfe5 Qxc2 38. Ng4+ Kg5 39. Rg7+
Kf4 40. Rgf7+ Rxf7 41. Rxf7+ Kg5 42. Nge3 Qb3 43. h4+ Kxh4 44. Rf5 Qb1+ 45. Ke2
Qxf5 46. Nxf5+ Kg5 47. Nfe3 a2 48. Nc2 Kf4 49. g3+ Kg5 50. f4+ Kh5 51. Kf3 Kh6
52. g4 Kg7 53. f5 Kf6 54. Kf4 Kf7 55. g5 a5 56. Nxa5 Kg7 57. f6+ Kg6 58. Nc6 1-0

[Event "Challenge"]
[Site "http://www.queenalice.com/game.php?id=142988"]
[Date "2006.12.18"]
[Round "-"]
[White "Ostrock"]
[Black "FENIX_40"]
[Result "0-1"]
[WhiteElo "1022"]
[BlackElo "1395"]

1. e4 e5 2. Nf3 Nc6 3. Nc3 Nd4 4. Nh4 Qxh4 5. g3 Qf6 6. Qg4 Nxc2+ 7. Kd1 Nxa1 8.
Bb5 c6 9. Bc4 Qxf2 10. d3 Qc2+ 11. Ke1 Qxc1+ 12. Qd1 Nc2+ 13. Kf1 Ne3+ 14. Ke1
Nxd1 15. Nxd1 Bb4+ 16. Kf2 d5 17. exd5 Qd2+ 18. Kf3 b5 19. Bb3 Nf6 20. dxc6
Qxd3+ 21. Kf2 Ne4+ 22. Kg2 Bg4 23. h3 Qf3+ 24. Kh2 Qe2+ 25. Kg1 Bc5+ 26. Ne3
Bxe3# 0-1

[Event "Challenge II"]
[Site "http://www.queenalice.com/game.php?id=143817"]
[Date "2006.12.20"]
[Round "-"]
[White "Ostrock"]
[Black "fizzo"]
[Result "0-1"]
[WhiteElo "1005"]
[BlackElo "1276"]

1. e4 e5 2. Nf3 Qf6 3. Bc4 c6 4. O-O b5 5. Bb3 Na6 6. d3 Nh6 7. Qd2 Bb4 8. c3
Bd6 9. c4 Bb4 10. Qe3 Ng4 11. Qe2 O-O 12. cxb5 cxb5 13. d4 exd4 14. Qd3 Nc5 15.
Qxb5 Na6 16. Bd5 Rb8 17. Qa5 Bxa5 0-1

[Event "Challenge"]
[Site "http://www.queenalice.com/game.php?id=145958"]
[Date "2006.12.24"]
[Round "-"]
[White "alessandro_boladao"]
[Black "Ostrock"]
[Result "1-0"]
[WhiteElo "1498"]
[BlackElo "998"]

1. e4 e5 2. Bc4 Nf6 3. Nf3 Nxe4 4. d3 Nf6 5. Nc3 Bc5 6. Ng5 O-O 7. Nd5 Ng4 8.
Qxg4 c6 9. Qh3 Qa5+ 10. b4 Qa4 11. Qxh7# 1-0

[Event "Challenge"]
[Site "http://www.queenalice.com/game.php?id=168102"]
[Date "2007.2.13"]
[Round "-"]
[White "sancdb"]
[Black "Ostrock"]
[Result "1-0"]
[WhiteElo "1291"]
[BlackElo "1040"]

1. e4 e5 2. Bc4 Bb4 3. Qh5 g6 4. Qxe5+ Ne7 5. Qxh8+ Ng8 6. Qxg8+ Bf8 7. Qxh7 Qe7
8. Nf3 Qxe4+ 9. Be2 d6 10. d3 Qb4+ 11. Bd2 Qxb2 12. Bc3 Qc1+ 13. Bd1 g5 14. Qe4+
Be6 15. Qxb7 Bg4 16. Bf6 Bd7 17. Qxa8 Be7 18. Qxb8+ Bd8 19. Qxd8# 1-0